ბათუმის შოთა რუსთაველის სახელმწიფო უნივერსიტეტის ბიბლიოთეკა

ლაბორატორიული პრაქტიკუმი მანქანათა ნაწილები / (ბიბ.ჩანაწერი № 39242)

000 -ლიდერი
ფიქსირებული სიგრძის საკონტროლო ველი 00989nam a2200205Ia 4500
001 - საკონტროლო ნომერი
საკონტროლო ველი 5828
003 - საკონტროლო ნომრის იდენტიფიკატორი
საკონტროლო ველი GE_BSU
005 - ბოლო ოპერაციის თარიღი და დრო
საკონტროლო ველი 20190628204315.0
008 - ფიქსირებული სიგრძის მონაცემთა ელემენტები - ზოგადი ინფორმაცია
ფიქსირებული სიგრძის საკონტროლო ველი 181216s1962|||| |||||||||||||| ||geo||
041 ## - ენის კოდი
Language code of text/sound track or separate title geo
080 ## - უნივერსალური ათობითი კლასიფიკაციის ინდექსი
Universal Decimal Classification number 621.8(075.5) ს-29
100 ## - მთავარი ჩანაწერი - პიროვნების სახელი
Personal name სარიშვილი, შ.
9 (RLIN) 3111
245 ## - ცნობა სათაურის შესახებ
Title ლაბორატორიული პრაქტიკუმი მანქანათა ნაწილები /
Statement of responsibility, etc შ. სარიშვილი ; ლ. კელენჯერიძე ; რედ : ო.ეზიკაშვილი.
264 ## - წარმოების, გამოცემის, დისტრიბუციის და სხვა ცნობები
გამოცემის, წარმოების, დისტრიბუციის... ადგილი თბილისი :
გამოცემის, წარმოების, დისტრიბუციის... სახელწოდება სპი,
გამოცემის, წარმოების, დისტრიბუციის... თარიღი 1962.
300 ## - ფიზიკური აღწერა
Extent 68 გვ.:
Other physical details ნახაზ.
Dimensions 20 სმ.
653 ## - INDEX TERM--UNCONTROLLED
Uncontrolled term ლაბორატორიული პრაქტიკუმი მანქანათა ნაწილები
700 ## - ADDED ENTRY--PERSONAL NAME
Personal name კელენჯერიძე, ლ
9 (RLIN) 3112
700 ## - ADDED ENTRY--PERSONAL NAME
Personal name ეზიკაშვილი,ო
Relator term რედაქტორი
9 (RLIN) 3080
942 ## - ADDED ENTRY ELEMENTS (KOHA)
Koha item type წიგნი
Source of classification or shelving scheme
ეგზემპლარები
ჩამოწერის სტატუსი დაკარგული ეგზემპლარის სტატუსი კლასიფიკაციის წყარო ან თაროზე გაწყობის სქემა დაზიანების სტატუსი არ გაიცემა მუდმივი მდებარეობა (დაცვის ადგილი) ამჟამინდელი ადგილსამყოფელი თაროზე განთავსების ადგილი შეძენის თარიღი სრული შენახვის შიფრი შტრიხკოდი ბოლო ოპერაციის თარიღი ეგზემპლარის მიმდევრობითი ნომერი (კეტერი?) ფასის ძალაში შესვლის თარიღი ეგზემპლარის სახეობა
          ტექნოლოგიური ფაკულტეტის ბიბლიოთეკა ტექნოლოგიური ფაკულტეტის ბიბლიოთეკა წიგნსაცავი 2018-12-17 621.8(075.5) ს-29 11137 2018-12-17 11137 2018-12-17 წიგნი
          ტექნოლოგიური ფაკულტეტის ბიბლიოთეკა ტექნოლოგიური ფაკულტეტის ბიბლიოთეკა წიგნსაცავი 2018-12-17 621.8(075.5) ს-29 11138 2018-12-17 11138 2018-12-17 წიგნი
          ტექნოლოგიური ფაკულტეტის ბიბლიოთეკა ტექნოლოგიური ფაკულტეტის ბიბლიოთეკა წიგნსაცავი 2018-12-17 621.8(075.5) ს-29 11139 2018-12-17 11139 2018-12-17 წიგნი
          ტექნოლოგიური ფაკულტეტის ბიბლიოთეკა ტექნოლოგიური ფაკულტეტის ბიბლიოთეკა წიგნსაცავი 2018-12-17 621.8(075.5) ს-29 11140 2018-12-17 11140 2018-12-17 წიგნი